|
|
|
|
| LEADER |
00000ny a22000003n 4500 |
| 005 |
20110512144557.0 |
| 006 |
sqr pss g |0 b0 |
| 007 |
cr cnu---m|a|a |
| 008 |
050601c19949999us fsg j eng c |
| 010 |
|
|
|a 95645138
|a sn 94017491
|
| 022 |
|
|
|a 1080-8582
|
| 035 |
|
|
|a 4057
|
| 040 |
|
|
|a SpMaUCDE
|d vLex
|
| 080 |
|
|
|a 34(086)(05)
|
| 082 |
|
0 |
|a 340/.05
|2 19
|
| 090 |
|
|
|c 1810
|d 1810
|
| 245 |
0 |
4 |
|a The University of Memphis law review
|h [Recurso electrn̤ico]
|c Students of Cecils C. Humpreys School of Law
|
| 256 |
|
|
|a Servicio en ln̕ea
|
| 260 |
|
|
|a Memphis, Tenn. :
|b Students of Cecils C. Humpreys School of Law University of Memphis
|
| 310 |
|
|
|a Trimestral.
|
| 506 |
1 |
|
|a Contenido solo disponible en los productos indicados
|d vLex Global
|d vLex Global (Academic Edition, excluding Law Schools)
|d vLex Global (U.S. Academic Edition, excluding Law Schools)
|
| 650 |
0 |
4 |
|a Derecho
|x Publicaciones perid̤icas
|
| 740 |
0 |
|
|a vLex Revista (Servicios en ln̕ea)
|
| 780 |
0 |
0 |
|t Memphis State University law review,
|x ISSN 0047-6714.
|
| 843 |
|
|
|a Electrn̤ica. Abierta
|
| 853 |
|
|
|8 1
|i (year)
|j (month)
|k (day)
|
| 856 |
|
|
|z Acceso restringido
|u http://vlex.com/account/login_ip?fuente_id=4057
|
| 942 |
|
|
|c REV
|
| 999 |
0 |
4 |
|a Derecho
|v En ln̕ea.
|